Differential geometry /
Guardado en:
| Autor Principal: | |
|---|---|
| Formato: | Libro |
| Idioma: | English |
| Publicado: |
New York :
McGraw-Hill,
c1963.
|
| Series: | McGraw-Hill series in higher mathematics
|
| Etiquetas: |
Agregar Etiqueta
Sin Etiquetas, Sea el primero en etiquetar este registro!
|
| LEADER | 00940nam a22001815a 4500 | ||
|---|---|---|---|
| 001 | MAT.inmabb001418 | ||
| 008 | 031124s1963####nyu###########000#0#eng#d | ||
| 005 | 20130315135713.0 | ||
| 245 | 1 | 0 | |a Differential geometry / |c Heinrich W. Guggenheimer. |
| 260 | |a New York : |b McGraw-Hill, |c c1963. | ||
| 300 | |a x, 378 p. ; |c 24 cm. | ||
| 440 | 0 | |a McGraw-Hill series in higher mathematics | |
| 505 | 0 | |a 1. Elementary differential geometry -- 2. Curvature -- 3. Evolutes and involutes -- 4. Calculus of variations -- 5. Introduction to transformation groups -- 6. Lie group germs -- 7. Transformation groups -- 8. Space curves -- 9. Tensors -- 10. Surfaces -- 11. Inner geometry of surfaces -- 12. Affine geometry of surfaces -- 13. Riemannian geometry -- 14. Connections. | |
| 510 | 4 | |a MR, |c 27 #6194 | |
| 100 | 1 | |a Guggenheimer, Heinrich W. |q (Heinrich Walter), |d 1924- | |
| 084 | |a 53-01 |2 msc2000 | ||
| 010 | |a 63012118 | ||
| 859 | |h 53 |i G942 |p A-1685 |b BIB. MATEMATICA | ||
